Marketing Research (Record no. 92238)
[ view plain ]
| 000 -LEADER | |
|---|---|
| fixed length control field | 00482nam a2200193Ia 4500 |
| 008 - FIXED-LENGTH DATA ELEMENTS--GENERAL INFORMATION | |
| fixed length control field | 230125s9999 xx 000 0 und d |
| 020 ## - INTERNATIONAL STANDARD BOOK NUMBER | |
| International Standard Book Number | 0-07-460404-X |
| 041 ## - LANGUAGE CODE | |
| Language code of text/sound track or separate title | eng |
| 082 ## - DEWEY DECIMAL CLASSIFICATION NUMBER | |
| Classification number | 658.838 |
| Item number | BER |
| 100 ## - MAIN ENTRY--PERSONAL NAME | |
| Personal name | Beri G C |
| 9 (RLIN) | 111433 |
| 245 ## - TITLE STATEMENT | |
| Title | Marketing Research |
| 250 ## - EDITION STATEMENT | |
| Edition statement | 2nd Ed. |
| 260 ## - PUBLICATION, DISTRIBUTION, ETC. (IMPRINT) | |
| Date of publication, distribution, etc. | 1998 |
| Name of publisher, distributor, etc. | Tata McGraw Hill |
| Place of publication, distribution, etc. | New Delhi |
| 300 ## - PHYSICAL DESCRIPTION | |
| Extent | 454p |
| 500 ## - GENERAL NOTE | |
| Keywords | Marketing research |
| 650 ## - SUBJECT ADDED ENTRY--TOPICAL TERM | |
| Topical term or geographic name as entry element | Marketing management |
| 700 ## - ADDED ENTRY--PERSONAL NAME | |
| Personal name | Beri G C |
| 9 (RLIN) | 111433 |
| Withdrawn status | Lost status | Damaged status | Not for loan | Home library | Current library | Date acquired | Vendor | Full call number | Barcode | Date last seen | Bill Date | Koha item type | Original Barcode |
|---|---|---|---|---|---|---|---|---|---|---|---|---|---|
| Smt. Hiraben Nanavati Institute of Management & Research for Women | Smt. Hiraben Nanavati Institute of Management & Research for Women | 28/10/2006 | Satya Gilani | 658.838 BER DB1092 | HIMR-DB-1092 | 25/01/2023 | 17/10/2006 | Donated Book | DB1092 |